Management & organization / (Record no. 347561)
[ view plain ]
| 000 -LEADER | |
|---|---|
| fixed length control field | 01054 a2200193 4500 |
| 020 ## - INTERNATIONAL STANDARD BOOK NUMBER | |
| International Standard Book Number | 053881585X (hardcover) |
| 020 ## - INTERNATIONAL STANDARD BOOK NUMBER | |
| International Standard Book Number | 9780538815857 (hardcover) |
| 082 04 - DEWEY DECIMAL CLASSIFICATION NUMBER | |
| Classification number | 658 |
| 090 ## - LOCALLY ASSIGNED LC-TYPE CALL NUMBER (OCLC); LOCAL CALL NUMBER (RLIN) | |
| -- | 5141 |
| -- | 5141 |
| 100 1# - MAIN ENTRY--PERSONAL NAME | |
| Personal name | DuBrin, Andrew J. |
| 245 10 - TITLE STATEMENT | |
| Title | Management & organization / |
| Statement of responsibility, etc. | Andrew J. DuBrin, R. Duane Ireland. |
| 250 ## - EDITION STATEMENT | |
| Edition statement | 2 Sub ed. |
| 260 ## - PUBLICATION, DISTRIBUTION, ETC. | |
| Place of publication, distribution, etc. | [S.l.] : |
| Name of publisher, distributor, etc. | South-Western Educational Publishing, |
| Date of publication, distribution, etc. | 1993. |
| 300 ## - PHYSICAL DESCRIPTION | |
| Extent | 672 p. ; |
| Dimensions | 27 cm. |
| 520 ## - SUMMARY, ETC. | |
| Summary, etc. | In this book contemporary perspectives are introduced within each major management function. It is organized around a traditional management approach - planning, organizing, leadership and control. Emphasis is placed on classical, behavioural and management science points of view. Coverage includes: production/work teams, organizational politics, employee empowerment, effective cross-cultural management and techniques for improving teamwork. |
| 700 1# - ADDED ENTRY--PERSONAL NAME | |
| Personal name | Ireland, R. Duane. |
| 856 40 - ELECTRONIC LOCATION AND ACCESS | |
| Materials specified | Amazon.com |
| Uniform Resource Identifier | <a href="http://www.amazon.com/exec/obidos/ASIN/053881585X/chopaconline-20">http://www.amazon.com/exec/obidos/ASIN/053881585X/chopaconline-20</a> |
| 942 ## - ADDED ENTRY ELEMENTS (KOHA) | |
| Institution code [OBSOLETE] | NBS |
| Koha item type | Book |
| Call number prefix | 658 DUB |
| Withdrawn status | Lost status | Damaged status | Not for loan | Permanent Location | Current Location | Date acquired | Total Checkouts | Full call number | Barcode | Date last seen | Price effective from | Koha item type | Date last checked out |
|---|---|---|---|---|---|---|---|---|---|---|---|---|---|
| Central Library (CL) | Central Library (CL) | 08/28/2013 | 658 DUB | NBS163 | 08/28/2013 | 08/28/2013 | Book | ||||||
| Central Library (CL) | Central Library (CL) | 08/28/2013 | 1 | 658 DUB | NBS1210 | 10/31/2017 | 08/28/2013 | Book | 10/19/2017 |
